| 000 | 01218cam a22003377a 4500 | ||
|---|---|---|---|
| 003 | CHAP | ||
| 005 | 20220817044013.0 | ||
| 008 | 050314d2003 mx r 00110 spa d | ||
| 010 | _a89814 | ||
| 011 | _a90786 | ||
| 035 | _a101343 | ||
| 040 | _cCHAP | ||
| 082 | 0 | 4 |
_a361.25 _bM42 |
| 110 | 1 | _aMéxico. Secretaría de Desarrollo Social | |
| 245 | 1 | 0 |
_aIndicadores de seguimiento, evaluación y gestión 1998-2001 : _bevaluación de resultados del programa de educación, salud y alimentación _c/por Secretaría de Desarrollo Social |
| 260 |
_aMéxico, D. F. : _bSecretaría de Desarrollo Social, _c2003. |
||
| 300 | _a136 p. | ||
| 590 |
_aBATCH-UPD _b10 _c20130110 _lUCH01 _h1256 |
||
| 590 |
_aBATCH-UPD _b10 _c20130410 _lUCH01 _h0816 |
||
| 590 |
_aBATCH-UPD _b10 _c20130914 _lUCH01 _h0207 |
||
| 590 |
_aCONVERSION _b10 _c20130109 _lUCH01 _h1350 |
||
| 650 | 1 | 4 |
_aAlimentos _xAbastecimiento _xMexico. _94132 |
| 650 | 1 | 4 |
_aEducación _xMéxico. _935466 |
| 650 | 1 | 4 |
_aPolítica social _zMéxico. |
| 650 | 1 | 4 |
_aProyectos de desarrollo. _992528 |
| 650 | 1 | 4 |
_aSalud pública _zMéxico. _9101844 |
| 901 | _aBK | ||
| 905 | _aLilia | ||
| 942 | _cLIBRO | ||
| 949 |
_a361.25 M42 _bBC _cLIBRO _d33724000952842 _eLIBRO _h105148 _i101343 _sb |
||
| 999 |
_c89814 _d89814 |
||